000 00350nam a2200133Ia 4500
008 240624s9999 xx 000 0 und d
041 _aeng
082 _a153.8 PIT
100 _aPITTAMPALLI A L
245 _aPERSUADABLE HOW GREAT LEADERS CHANGE THE
260 _c2016
_aNew York
_bHarper Business
300 _aviii, 242 p.; 23 cm.
365 _c
_b33
999 _c32368
_d32368